00320nam a2200121Ia 45000030006000000080041000060400015000471000010000622450071000722600026001435460012001690050017001810STCL150530s9999 xx 000 0 und d aSTCLcSTCL aPoole aCritical path on essay on the social context of literary criticism bHarvester pressc1983 aEnglish20220125170829.0